[Event "Milan Sport&Cultura op"]
[Site "Milan"]
[Date "2010.02.14"]
[Round "4"]
[White "Miglioli, Luca"]
[Black "Calabrese, Maurizio"]
[Result "1-0"]
[WhiteElo "1780"]
[BlackElo "1539"]
[PlyCount "91"]
[EventDate "2010.02.12"]
[EventType "swiss"]
[EventRounds "5"]
[EventCountry "ITA"]
[SourceTitle "EXT 2011"]
[Source "ChessBase"]
[SourceDate "2010.11.26"]
[SourceVersion "1"]
[SourceVersionDate "2010.11.26"]
[SourceQuality "1"]

1. d4 Nf6 2. c4 g6 3. Nc3 Bg7 4. e4 d6 5. Nf3 0-0 6. h3 Nbd7 7. Be3 a6 8. Qd2 Ne8 9. Bh6 e5 10. Bxg7 Nxg7 11. Rd1 Ne6 12. dxe5 Nxe5 13. Nxe5 dxe5 14. Qd5 Qxd5 15. exd5 Nd4 16. Bd3 Bf5 17. 0-0 Bxd3 18. Rxd3 Kg7 19. Re1 f6 20. Ne2 Nc2 21. Rc1 Nb4 22. Ra3 Rf7 23. Rd1 Rd7 24. Rb3 c5 25. a3 Nc2 26. Rc3 Nd4 27. Nxd4 exd4 28. Rcd3 g5 29. b4 b6 30. bxc5 bxc5 31. Re1 Raa7 32. Re6 Re7 33. Rc6 Re1+ 34. Kh2 Rae7 35. Rxc5 h5 36. Rxd4 Rf1 37. Rd2 Kh6 38. d6 Ree1 39. g3 g4 40. hxg4 hxg4 41. f4 gxf3 42. Kh3 Re8 43. d7 Rh1+ 44. Kg4 Rd8 45. Kxf3 f5 46. Rc8 1-0

[Event "Milan Sport&Cultura op"]
[Site "Milan"]
[Date "2010.02.13"]
[Round "3"]
[White "Miracola, Massimiliano"]
[Black "Miglioli, Luca"]
[Result "1/2-1/2"]
[WhiteElo "1545"]
[BlackElo "1780"]
[PlyCount "70"]
[EventDate "2010.02.12"]
[EventType "swiss"]
[EventRounds "5"]
[EventCountry "ITA"]
[SourceTitle "EXT 2011"]
[Source "ChessBase"]
[SourceDate "2010.11.26"]
[SourceVersion "1"]
[SourceVersionDate "2010.11.26"]
[SourceQuality "1"]

1. e4 e6 2. d4 d5 3. Nc3 Nf6 4. e5 Nfd7 5. f4 c5 6. Nf3 Nc6 7. Be3 Qb6 8. Na4 Qa5+ 9. c3 cxd4 10. Nxd4 Nxd4 11. Bxd4 b5 12. Nc5 Bxc5 13. Bxc5 Nxc5 14. b4 Qb6 15. bxc5 Qxc5 16. Qd4 Qc6 17. Qb4 a6 18. Bd3 Bb7 19. Rg1 Rc8 20. Kd2 Qc5 21. a4 Qf2+ 22. Be2 Rc4 23. Qd6 Qxf4+ 24. Kc2 Qd4 25. Bxc4 Qxc4 26. Rge1 b4 27. Qb8+ Qc8 28. Qxc8+ Bxc8 29. cxb4 Bd7 30. Reb1 Ke7 31. b5 Rc8+ 32. Kd2 axb5 33. axb5 Rb8 34. b6 f6 35. b7 Bc6 1/2-1/2